Colorful Companies Quiz Stats

 Plays Quiz Updated Oct 23, 2015

Score 0/20 Timer 08:00
2 Plays Today
Hint Company or Brand % Correct
Telephone directoryYellowbook
92%
Energy drink that gives you wingsRed Bull
89.5%
Frozen vegetable brand and mascotGreen Giant
87.4%
Cinnamon-flavored chewing gumBig Red
72%
Bus transportation companyGreyhound Lines
69.6%
Fast food chain noted for its slidersWhite Castle
65.1%
Drugstore and pharmacy chainWalgreens
61.6%
Power tool manufacturerBlack and Decker
56.5%
Clothing retailer aimed at families (not sailors)Old Navy
56.1%
NGO dealing with environmental issuesGreenpeace
54.7%
Hint Company or Brand % Correct
Budget airlineJetBlue Airways
54.5%
Jamaican lager beerRed Stripe
51.1%
Pepperidge Farm piscine snack crackerGoldfish
47.1%
Cinnamon schnapps containing metal flakesGoldschl├Ąger
37.9%
Honey-flavored breakfast cerealGolden Grahams
36.1%
Pretzel brand owned by Frito-LayRold Gold
35.5%
Major sock manufacturerGold Toe
29.3%
Mustard brand owned by Kraft FoodsGrey Poupon
28%
Mobile phone brandBlackBerry
18.7%
Surfing apparel and equipment manufacturerQuiksilver
15.1%

You're not logged in!

Compare scores with friends on all Sporcle quizzes.
OR
Log In

Sporcle TV

Today on Sporcle TV


Watch our educational content, quiz creation guides, and fun videos on Sporcle TV.

Show Comments

Extras

Top Quizzes Today


Score Distribution

Your Account Isn't Verified!

In order to create a playlist on Sporcle, you need to verify the email address you used during registration. Go to your Sporcle Settings to finish the process.

Report this User

Report this user for behavior that violates our Community Guidelines.

Details: